000 01538nam2a2200265 4500
001 RU\NLR\bibl\1782987
005 20260405190138.0
010 _a978-5-91768-184-9
_98700
021 _aRU
_b2011-41500
_92944
035 _a(NLR Aleph) 001773728
090 _a1654045
_c1654045
100 _a20110624d2011 |||y0rusy50 ca
101 0 _arus
102 _aRU
105 _ay |||||||||
200 0 _a2010
_f[сост.: Людмила Александровна Калинина, к.ю.н., Юлия Сергеевна Бондарева]
210 _d2011
_aБ. м.
215 _a639 с.
461 0 _1001RU\NLR\bibl\1439109
_12001#$aОпределения Верховного Суда Российской Федерации по делам об оспаривании нормативных правовых актов субъектов Российской Федерации$v2010
_91402422
_cМосква
_d2009
_fВерховный Суд Российской Федерации
_nНорма
_o[сборник]
_tОпределения Верховного Суда Российской Федерации по делам об оспаривании нормативных правовых актов субъектов Российской Федерации
_v2010
702 1 _4220
_7ca
_8rus
_aКалинина
_bЛ. А.
_cканд. юрид. наук
_gЛюдмила Александровна
_965289
_3RU\NLR\auth\7782361
801 0 _aRU
_bNLR
_c20110624
_gRCR
801 1 _aRU
_bNLR
_c20110624
942 _cBOOK
980 _aNB